Statistics for The most common elements in Earths crust

Click here to take the quiz!

General Stats

  • This quiz has been taken 34 times
  • The average score is 7 of 10

Answer Stats

Parts per millionAnswer% Correct
461000Oxygen
100%
56300Iron
93%
1400Hydrogen
86%
23300Magnesium
72%
82300Aluminium
62%
282000Silicon
59%
20900Potassium
59%
41500Calcium
55%
23600Sodium
48%
5650Titanium
17%

Score Distribution

Percentile by Number Answered

Percent of People with Each Score

Your Score History

You have not taken this quiz